000 00212nam a2200085Ia 4500
008 120527s9999 xx 000 0 und d
100 _aBolza, Oskar
245 _aLectures on the Calculus of variations
942 _cBK
999 _c27810
_d27810